Del arte de leer (Record no. 8145)

MARC details
000 -CABECERA
campo de control de longitud fija 01307nam a2200301 a 4500
001 - NÚMERO DE CONTROL
campo de control BRCA_8478
005 - FECHA Y HORA DE LA ÚLTIMA TRANSACCIÓN
campo de control 20190320210312.0
008 - DATOS DE LONGITUD FIJA--INFORMACIÓN GENERAL
campo de control de longitud fija 180216s2014----mx-a######---#000-0#spa-#
020 ## - NÚMERO INTERNACIONAL ESTÁNDAR DEL LIBRO
Número Internacional Estándar del Libro 9786079613112
041 ## - CÓDIGO DE LENGUA
Código de lengua del texto/banda sonora o título independiente spa
044 ## - CÓDIGO DEL PAÍS DE LA ENTIDAD EDITORA/PRODUCTORA
Código MARC del país mx
050 #4 - SIGNATURA TOPOGRÁFICA DE LA BIBLIOTECA DEL CONGRESO
Número de clasificación B765.H73
Número de documento/Ítem .D53 2014
100 1# - ENTRADA PRINCIPAL--NOMBRE DE PERSONA
Nombre de persona Hugo, de San Víctor
Fechas asociadas al nombre 1096?-1141
9 (RLIN) 21247
245 10 - MENCIÓN DE TÍTULO
Título Del arte de leer
Resto del título Didascalicon de studio legendi, el tratado
Mención de responsabilidad, etc. Hugo de San Víctor ; traducción del latín y notas José Manuel Villalaz ; revisión técnica Joel Molina Ayala. Lecturas en acto / [Magali Lara Ayala, Etelvina Bernal, Andrés López Fernández, Eligio Calderón].
260 ## - PUBLICACIÓN, DISTRIBUCIÓN, ETC.
Lugar de publicación, distribución, etc. México
Nombre del editor, distribuidor, etc. Editorial 17 : Consultoría
Fecha de publicación, distribución, etc. 2014
300 ## - DESCRIPCIÓN FÍSICA
Extensión 1 v. (en varias paginaciones)
Otras características físicas il. (algunas a color)
Dimensiones 23 cm.
440 #0 - MENCIÓN DE SERIE/PUNTO DE ACCESO ADICIONAL--TÍTULO
Título Colección diecisiete, teoría crítica, psicoanálisis, acontecimiento
Designación de volumen o secuencia 3
9 (RLIN) 21248
500 ## - NOTA GENERAL
Nota general Texto contrapuesto invertido, con numeración duplicada
500 ## - NOTA GENERAL
Nota general Se encuentra en el Área de Investigación
650 14 - PUNTO DE ACCESO ADICIONAL DE MATERIA--TÉRMINO DE MATERIA
Término de materia o nombre geográfico como elemento de entrada Lectura
9 (RLIN) 21249
650 14 - PUNTO DE ACCESO ADICIONAL DE MATERIA--TÉRMINO DE MATERIA
Término de materia o nombre geográfico como elemento de entrada Teoría del conocimiento
9 (RLIN) 21250
650 14 - PUNTO DE ACCESO ADICIONAL DE MATERIA--TÉRMINO DE MATERIA
Término de materia o nombre geográfico como elemento de entrada Teología
Subdivisión cronológica Edad Media, 600-1500
9 (RLIN) 21251
650 14 - PUNTO DE ACCESO ADICIONAL DE MATERIA--TÉRMINO DE MATERIA
Término de materia o nombre geográfico como elemento de entrada Filosofía
Subdivisión cronológica Edad Media
9 (RLIN) 21252
700 1# - PUNTO DE ACCESO ADICIONAL--NOMBRE DE PERSONA
Nombre de persona Villalaz, José Manuel
Término indicativo de función/relación tr.
9 (RLIN) 21253
700 1# - PUNTO DE ACCESO ADICIONAL--NOMBRE DE PERSONA
Nombre de persona Molina Ayala, Joel
9 (RLIN) 21254
740 0# - PUNTO DE ACCESO ADICIONAL--TÍTULO RELACIONADO O ANALÍTICO NO CONTROLADO
Título relacionado o analítico no controlado Lecturas en acto
942 ## - ELEMENTOS DE PUNTO DE ACCESO ADICIONAL (KOHA)
Fuente del sistema de clasificación o colocación Library of Congress Classification
Tipo de ítem Koha Libros
Holdings
Estado de retiro Estado de pérdida Estado dañado No para préstamo Localización permanente Ubicación/localización actual Fecha de adquisición Total de préstamos Signatura topográfica completa Código de barras Fecha visto por última vez Precio válido a partir de Tipo de ítem Koha
El ejemplar forma parte de la colección y puede ser consultado según las políticas vigentes.       Biblioteca del Museo Franz Mayer (Rogerio Casas-Alatriste) Biblioteca del Museo Franz Mayer (Rogerio Casas-Alatriste) 18/02/2016   B765.H73 .D53 2014 02918 22/03/2019 22/03/2019 Libros